LEADER 00955cam1 22002651 450 001 SOBE00040051 005 20140210085702.0 100 $a20140210g00009999|||||ita|0103 ba 101 $afre$alat 102 $aFR 200 1 $aSilves$fStace 210 $aParis$cLes belles lettres 215 $av.$d20 cm 225 2 $aCollection des Universités de France 300 $aTesto originale a fronte 410 1$1001LAEC00018970$12001 $a*Collection des Universités de France 463 1$1001SOBE00040053$12000 $a1: Livres 1.-3. / Stace ; texte établi par Henri Frère et traduit par H. J. Izaac 463 1$1001SOBE00040055$12000 $a2: Livres 4.-5. / Stace ; texte etabli par Henri Frere et traduit par H. J. Izaac 700 1$aStatius$b, Publius Papinius$3A600200060692$4070$0171438 801 0$aIT$bUNISOB$c20140210$gRICA 912 $aSOBE00040051 940 $aM 102 Monografia moderna SBN 941 $aM 996 $aSilvae$916721 997 $aUNISOB